000 00560nam a2200229Ia 4500
003 OSt
005 20220924144125.0
006 a|||||r|||| 00| 0
007 ta
008 220923b |||||||| |||| 00| 0 urd d
024 _a312243
037 _cTextual
040 _aARTS
_cARTS
_burd
041 _2urd
_aurd
082 _aO168,1L79x, N2
100 _aAgha Hakim
_9217093
245 0 _aKulliyat-e-aish
260 _c1992
650 _aURDU POETRY
942 _hO168,1L79x, N2
_cTEXL
_2CC
999 _c456210
_d456210